000 00357nam a2200157Ia 4500
003 Ost
005 20260225132548.0
008 260225s9999||||xx |||||||||||||| ||und||
040 _cfsic
041 _afre
082 _a440
100 _aLeonard w. levy
_eAuteur
245 0 _aEmergence of a free press /
245 0 _cLeonard w. levy
942 _cكتاب
999 _c33958
_d33958